[Event "AUTO-BEG-586"]
[Site "http://www.queenalice.com/game.php?id=1190736"]
[Date "2013.6.13"]
[Round "1"]
[White "masbcampos"]
[Black "Rumo_a_Betim"]
[Result "1-0"]
[WhiteElo "1357"]
[BlackElo "1153"]

1. b3 e5 2. Bb2 Nc6 3. e3 e4 4. Bb5 a6 5. Bxc6 dxc6 6. Nc3 Nf6 7. f3 Bb4 8. fxe4
Bxc3 9. Bxc3 O-O 10. e5 Ne4 11. Bb4 c5 12. Bc3 Nxc3 13. dxc3 Qxd1+ 14. Rxd1 Bg4
15. Rd2 Rfd8 16. h3 Rxd2 17. Kxd2 Rd8+ 18. Ke1 Rd1+ 19. Kf2 Bf5 20. Ke2 Rd5 21.
c4 Rxe5 22. Nf3 Re4 23. Rd1 g6 24. Rd5 b6 25. g4 Be6 26. Rd8+ Kg7 27. Re8 b5 28.
Kd3 Bxg4 29. Kxe4 Bxf3+ 30. Kxf3 bxc4 31. bxc4 a5 32. a4 f6 33. Re7+ Kf8 34.
Rxc7 Ke8 35. Rxc5 f5 36. Rxa5 Kf7 37. c5 Kf6 38. c6 Ke7 39. c7 Kd7 40. Rc5 Kc8
41. a5 g5 42. a6 h5 43. a7 g4+ 44. hxg4 fxg4+ 45. Kf4 h4 46. a8=Q+ Kd7 47. Qd8+
Ke6 48. c8=Q+ Kf7 49. Qf8+ Kg6 50. Qcf5# 1-0

[Event "Challenge"]
[Site "http://www.queenalice.com/game.php?id=1191765"]
[Date "2013.6.17"]
[Round "-"]
[White "dejami"]
[Black "Rumo_a_Betim"]
[Result "1-0"]
[WhiteElo "1611"]
[BlackElo "1079"]

1. e4 e5 2. Bc4 Nf6 3. g4 d6 4. h3 d5 5. exd5 Nxd5 6. d3 Bc5 7. Qf3 Be6 8. c3
O-O 9. b4 Bb6 10. a4 Qf6 11. a5 Qxf3 12. Nxf3 h6 13. axb6 cxb6 14. Nxe5 b5 15.
Bxb5 Nf4 16. Bxf4 a6 17. Ba4 a5 18. Bc2 Nd7 19. Nxd7 Bxd7 20. bxa5 Rfe8+ 21. Be3
b6 22. a6 b5 23. O-O Bc8 24. a7 Be6 25. d4 Rac8 26. Bd2 b4 27. Ba4 Red8 28. Bd1
bxc3 29. Bxc3 Bc4 30. Bf3 Bxf1 31. Kxf1 Ra8 32. Bxa8 Rxa8 33. d5 Kf8 34. d6 Ke8
35. Nd2 f6 36. Ra6 Kd7 37. Nc4 Kc8 38. Nb6+ Kb7 39. Nxa8 Kxa6 40. d7 Kxa7 41.
d8=Q Kb7 42. Nc7 Kc6 43. Ba5 Kc5 44. Qd5# 1-0

[Event "Challenge"]
[Site "http://www.queenalice.com/game.php?id=1191884"]
[Date "2013.6.17"]
[Round "-"]
[White "fluke"]
[Black "Rumo_a_Betim"]
[Result "1-0"]
[WhiteElo "1191"]
[BlackElo "1145"]

1. e4 e5 2. c4 Nf6 3. d3 Bb4+ 4. Bd2 Qe7 5. a3 Bxd2+ 6. Nxd2 O-O 7. Qf3 d6 8.
Nh3 Bg4 9. Qg3 Nc6 10. Nf3 Nd4 11. Nhg5 Nxf3+ 12. gxf3 Bh5 13. O-O-O Rad8 14.
Rg1 g6 15. d4 exd4 16. Rxd4 c5 17. Rd1 Qe5 18. Rd2 Qxg3 19. fxg3 Rde8 20. g4 Re5
21. gxh5 gxh5 22. Ne6+ Ng4 23. Nxf8 Kxf8 24. fxg4 hxg4 25. Rxg4 Re6 26. Bg2 h5
27. Rf4 b6 28. Bh3 Rg6 29. Rdf2 Rg1+ 30. Kc2 a6 31. Rxf7+ Kg8 32. R7f6 h4 33.
Rxd6 a5 34. Rxb6 a4 35. Ra6 Kh7 36. Rxa4 Kh6 37. Ra5 Kg5 38. Rxc5+ Kh6 39. Rf4
Re1 40. Rxh4+ Kg6 41. Rc8 Re2+ 42. Kb3 Rxh2 43. Bf5+ Kg5 44. Rxh2 Kf4 45. c5 Kg3
46. Rch8 Kf3 47. c6 Kg3 48. c7 Kf4 49. c8=Q Kf3 50. Qc3+ Kf4 51. R2h3 Kg5 52.
Rf8 Kf4 53. Qg3# 1-0

[Event "Challenge"]
[Site "http://www.queenalice.com/game.php?id=1192611"]
[Date "2013.6.20"]
[Round "-"]
[White "eduardocosta"]
[Black "Rumo_a_Betim"]
[Result "1-0"]
[WhiteElo "1590"]
[BlackElo "1160"]

1. e3 e5 2. Be2 Nf6 3. Nf3 Nc6 4. Bb5 a6 5. Bxc6 dxc6 6. Nxe5 Bd6 7. Nd3 O-O 8.
c4 c5 9. O-O Ne4 10. a3 Qh4 11. g3 Qh3 12. Qf3 Qf5 13. Qxf5 Bxf5 14. Nf4 Bxf4
15. exf4 Bh3 16. Re1 Rfe8 17. f3 Nxg3 18. Rxe8+ Rxe8 19. Nc3 Ne2+ 20. Kf2 Nxf4
21. Kg3 g5 22. Ne4 h5 23. Nxg5 f6 24. Nxh3 Ne2+ 25. Kf2 Nxc1 26. Rxc1 b5 27.
cxb5 axb5 28. Rxc5 c6 29. Rxc6 f5 30. Rc5 Rb8 31. Rxf5 Rd8 32. Ke2 Re8+ 33. Kd1
Rb8 34. Rxh5 Rf8 35. f4 Kg7 36. Rxb5 Kf6 37. Rc5 Rb8 38. b4 Rh8 39. Rc3 Kf5 40.
a4 Ke4 41. a5 Kd4 42. b5 Ke4 43. a6 Kd4 44. b6 Rf8 45. a7 Ra8 46. Ra3 Kc4 47. b7
Rxa7 48. Rxa7 Kd3 49. b8=Q Kc4 50. f5 Kd4 51. f6 Ke4 52. f7 Kf5 53. f8=Q+ Kg6
54. Ra5 Kh7 55. Qe7+ Kg6 56. Qb6# 1-0

[Event "AUTO-BEG-587"]
[Site "http://www.queenalice.com/game.php?id=1192771"]
[Date "2013.6.21"]
[Round "1"]
[White "Severynnas"]
[Black "Rumo_a_Betim"]
[Result "1-0"]
[WhiteElo "1337"]
[BlackElo "1136"]

1. d4 Nf6 2. f4 Nc6 3. Nc3 d5 4. Be3 Bf5 5. Nb5 Nb4 6. c3 Nc2+ 7. Kf2 Nxa1 8.
Qxa1 e6 9. Nf3 Be4 10. Ng5 Ng4+ 11. Kg3 1-0

[Event "AUTO-BEG-587"]
[Site "http://www.queenalice.com/game.php?id=1192772"]
[Date "2013.6.21"]
[Round "1"]
[White "Rumo_a_Betim"]
[Black "Severynnas"]
[Result "0-1"]
[WhiteElo "1128"]
[BlackElo "1345"]

1. e4 c5 2. Nc3 g5 3. Nf3 f6 4. Nb5 a6 5. Nc3 e6 6. e5 fxe5 7. Nxe5 d6 8. Nf3
Nf6 9. d3 Ng4 10. Nxg5 Bh6 11. Qxg4 O-O 0-1

[Event "AUTO-BEG-587"]
[Site "http://www.queenalice.com/game.php?id=1192785"]
[Date "2013.6.21"]
[Round "1"]
[White "Kwizatz"]
[Black "Rumo_a_Betim"]
[Result "0-1"]
[WhiteElo "1167"]
[BlackElo "1104"]

1. e4 e5 2. d3 d6 3. g3 Nf6 4. Nf3 Bg4 5. Be2 Nc6 6. O-O Bh3 7. Re1 Nd4 8. Ng5
Bg4 9. Bxg4 Nxg4 10. Qxg4 Nxc2 11. Qf5 Qe7 12. Nxh7 Nxe1 13. Bg5 f6 14. Bxf6
gxf6 15. Nxf6+ Kd8 16. Nd5 Qh7 17. Qf6+ Be7 18. Qe6 Nxd3 19. Nbc3 Nxb2 20. Rb1
Nd3 21. Rxb7 Bh4 22. Nb5 Bxg3 23. Nbxc7 Qxh2+ 24. Kf1 Qxf2# 0-1

[Event "AUTO-BEG-587"]
[Site "http://www.queenalice.com/game.php?id=1192786"]
[Date "2013.6.21"]
[Round "1"]
[White "Rumo_a_Betim"]
[Black "Kwizatz"]
[Result "0-1"]
[WhiteElo "1104"]
[BlackElo "1100"]

1. e4 e5 2. Nf3 d6 3. Nc3 Nf6 4. d3 g6 5. Ng5 Qd7 6. Be2 Bh6 7. Bg4 Qe7 8. Bxc8
O-O 9. Nd5 Nxd5 10. exd5 Bxg5 11. Bxg5 Qxg5 12. O-O Rxc8 13. g3 Re8 14. Qf3 Nd7
15. Rae1 e4 16. dxe4 Ne5 17. Qc3 Qg4 18. Re3 Qh3 19. Qxc7 Ng4 20. f3 Qxh2# 0-1

[Event "AUTO-BEG-587"]
[Site "http://www.queenalice.com/game.php?id=1192795"]
[Date "2013.6.21"]
[Round "1"]
[White "Rumo_a_Betim"]
[Black "hversatil"]
[Result "0-1"]
[WhiteElo "1154"]
[BlackElo "1282"]

1. e4 e5 2. Nf3 Bd6 3. Nc3 Nf6 4. Bc4 h6 5. Nb5 Nxe4 6. Nxe5 Bxe5 7. Bxf7+ Kxf7
8. Qf3+ Nf6 9. Qf5 d6 10. Qf3 c6 11. Nc3 Bg4 12. Qe3 Bxc3 13. Qxc3 Re8+ 14. Kf1
Ne4 15. Qc4+ d5 16. Qd4 Qf6 17. Qxf6+ Kxf6 18. d3 Nxf2 19. Kxf2 Re2+ 20. Kf1
Rxc2 21. b3 Be2+ 22. Ke1 Bxd3 23. Rf1+ Bxf1 24. Kxf1 Na6 25. a3 Rf8 26. Kg1 Kg6
27. Be3 Rc3 28. Bxa7 Rxb3 29. h3 c5 30. a4 Ra8 31. Bb8 Rxb8 32. Re1 Ra3 33. Re6+
Kf7 34. Rxa6 bxa6 0-1

[Event "AUTO-BEG-587"]
[Site "http://www.queenalice.com/game.php?id=1192796"]
[Date "2013.6.21"]
[Round "1"]
[White "hversatil"]
[Black "Rumo_a_Betim"]
[Result "1-0"]
[WhiteElo "1406"]
[BlackElo "1104"]

1. e4 e5 2. Nf3 Nc6 3. d3 Nf6 4. Bg5 g6 5. Be2 Bc5 6. Nh4 O-O 7. Bh6 Bxf2+ 8.
Kxf2 Re8 9. Nc3 d6 10. Nb5 a6 11. Nc3 Qd7 12. Bg5 Ng4+ 13. Bxg4 Qxg4 14. Qxg4
Bxg4 15. Nd5 Nd4 16. Nxc7 Nxc2 17. Nxe8 Nxa1 18. Nf6+ Kh8 19. Rxa1 Be6 20. Rc1
b5 21. Rc6 Bxa2 22. Rxd6 Bb1 23. Ke3 a5 24. Ng4 Kg7 25. Bf6+ Kf8 26. Nxe5 Ba2
27. Be7+ Kxe7 28. Rd7+ Ke8 29. d4 f6 30. Rxh7 Bg8 31. Rh8 Kf8 32. Nexg6+ Kg7 33.
Rh5 b4 34. Nh8 Bh7 35. e5 Rxh8 36. exf6+ 1-0

[Event "Challenge"]
[Site "http://www.queenalice.com/game.php?id=1193219"]
[Date "2013.6.21"]
[Round "-"]
[White "Rumo_a_Betim"]
[Black "musicomat"]
[Result "1-0"]
[WhiteElo "1091"]
[BlackElo "1027"]

1. e4 e5 2. Nf3 Nc6 3. Bb5 Nd4 4. Nxd4 exd4 5. O-O c6 6. Bc4 d5 7. exd5 Qc7 8.
Qe2+ Qe7 9. Qxe7+ Bxe7 10. dxc6 bxc6 11. d3 Rb8 12. Na3 Bxa3 13. bxa3 Nf6 14.
Bf4 Rb2 15. Bg5 Nd5 16. Rfe1+ Be6 17. Bxd5 cxd5 18. Rab1 Rxa2 19. Rb8+ Kd7 20.
Rxh8 Rxc2 21. Rxh7 Rc3 22. Rxg7 Rxa3 23. Rb1 Rxd3 24. Rb7+ 1-0

[Event "Challenge"]
[Site "http://www.queenalice.com/game.php?id=1194081"]
[Date "2013.6.25"]
[Round "-"]
[White "Rumo_a_Betim"]
[Black "Chessaroo"]
[Result "0-1"]
[WhiteElo "1121"]
[BlackElo "1095"]

1. e4 e5 2. d4 f6 3. dxe5 fxe5 4. Nf3 Nc6 5. Nc3 Bb4 6. Bb5 Bxc3+ 7. bxc3 d6 8.
Bxc6+ bxc6 9. Bg5 Ne7 10. O-O d5 11. Nxe5 Qd6 12. Bf4 O-O 13. Qh5 Rxf4 0-1

[Event "AUTO-BEG-588"]
[Site "http://www.queenalice.com/game.php?id=1195625"]
[Date "2013.6.30"]
[Round "1"]
[White "Alucardy"]
[Black "Rumo_a_Betim"]
[Result "0-1"]
[WhiteElo "1405"]
[BlackElo "1085"]

1. e4 e5 2. Nf3 Nc6 3. Be2 Nf6 4. d3 Bc5 5. Bg5 Nd4 6. Nxe5 Nxe2 7. Qxe2 O-O 8.
Nf3 Qe7 9. e5 Bxf2+ 10. Kxf2 Ng4+ 11. Ke1 Qe6 12. Nd4 Qxe5 13. Qxe5 Nxe5 14. Nc3
d6 15. Kd2 c5 16. Nf3 Nxf3+ 17. gxf3 d5 18. Nxd5 Be6 19. Nc7 Rac8 20. Nxe6 fxe6
21. Raf1 Rf5 22. Rhg1 b5 23. Bh6 Rf7 24. h4 Rd8 25. Kc1 e5 26. Bg5 Rdd7 27. f4
h6 28. Bxh6 b4 29. Bg5 exf4 30. Rxf4 Rxf4 31. Bxf4 Rf7 32. Bd6 Rf5 33. Re1 Kf7
34. Re7+ Kf8 35. Re5+ Kg8 36. Rxf5 Kh7 37. Bxc5 g6 38. Rf7+ Kh6 39. Be3+ Kh5 40.
Bg5 Kg4 41. Rxa7 Kh5 42. d4 Kg4 43. Re7 Kh5 44. d5 Kg4 45. d6 Kh5 46. d7 Kg4 0-1

[Event "AUTO-BEG-588"]
[Site "http://www.queenalice.com/game.php?id=1195626"]
[Date "2013.6.30"]
[Round "1"]
[White "Rumo_a_Betim"]
[Black "Alucardy"]
[Result "0-1"]
[WhiteElo "1153"]
[BlackElo "1100"]

1. e4 e5 2. Nf3 Nc6 3. Bb5 Bc5 4. Bc4 Nf6 5. O-O Nxe4 6. Nh4 Qxh4 7. Qf3 Nf6 8.
d3 O-O 9. Nc3 Nd4 10. Qd1 d5 11. Bxd5 Nxd5 12. Nxd5 Bg4 13. Ne7+ Bxe7 14. g3 Qh3
15. Qd2 Nf3+ 16. Kh1 Qxf1# 0-1

[Event "Challenge"]
[Site "http://www.queenalice.com/game.php?id=1195662"]
[Date "2013.6.30"]
[Round "-"]
[White "Rogerio11"]
[Black "Rumo_a_Betim"]
[Result "1-0"]
[WhiteElo "1364"]
[BlackElo "1143"]

1. e4 e5 2. Bc4 Nf6 3. d3 Nc6 4. g4 d6 5. g5 Ng4 6. f3 Nd4 7. fxg4 Bxg4 8. Qxg4
Nxc2+ 9. Kd2 Nxa1 10. Qf3 Qxg5+ 11. Kd1 Qg6 12. Nc3 Be7 13. Nh3 O-O 14. Nd5 Bh4
15. Nxc7 Rac8 16. Nb5 a6 17. Rg1 Qf6 18. Qh5 axb5 19. Bg5 1-0

[Event "Challenge"]
[Site "http://www.queenalice.com/game.php?id=1195762"]
[Date "2013.6.30"]
[Round "-"]
[White "Petrucio"]
[Black "Rumo_a_Betim"]
[Result "0-1"]
[WhiteElo "1124"]
[BlackElo "1145"]

1. Nf3 Nc6 2. Ng5 h6 3. Ne4 d5 4. Nc5 e5 5. Nd3 e4 6. e3 exd3 7. cxd3 Nf6 8. h4
Bg4 9. f3 Be6 10. Qa4 Bd6 11. b4 Bxb4 12. Qb5 b6 13. Qxc6+ Bd7 14. Qc2 Qe7 15.
Qxc7 d4 16. Ba3 Bxa3 17. Nxa3 Qxa3 18. Qb7 O-O 19. Kf2 Qb2 20. Be2 Qxd2 21. Rhd1
Qxe3+ 22. Kf1 Rfe8 23. Qc7 Qxe2+ 24. Kg1 Rac8 25. Qxa7 Rc2 26. Kh2 Qxg2# 0-1

[Event "Challenge"]
[Site "http://www.queenalice.com/game.php?id=1196479"]
[Date "2013.7.3"]
[Round "-"]
[White "dejami"]
[Black "Rumo_a_Betim"]
[Result "1-0"]
[WhiteElo "1650"]
[BlackElo "1156"]

1. e4 e5 2. Bc4 Nf6 3. f3 d5 4. Bd3 d4 5. c3 Nc6 6. Bb5 dxc3 7. Nxc3 Bb4 8. Nce2
O-O 9. a3 Bc5 10. b4 Bd4 11. Ra2 a6 12. Bxc6 bxc6 13. Qc2 Bb7 14. Nh3 Bc8 15.
Qxc6 Bxh3 16. gxh3 Bb6 17. Ng3 Qe8 18. Qc4 Qd7 19. Qf1 Qd6 20. Qg2 Rad8 21. Nf5
Bf2+ 22. Kxf2 Qb6+ 23. Ke1 g6 24. h4 h5 25. Rg1 Qc6 26. Ne7+ 1-0

[Event "Challenge"]
[Site "http://www.queenalice.com/game.php?id=1196608"]
[Date "2013.7.3"]
[Round "-"]
[White "eduardocosta"]
[Black "Rumo_a_Betim"]
[Result "1-0"]
[WhiteElo "1717"]
[BlackElo "1158"]

1. e3 e5 2. Be2 e4 3. Nc3 Nf6 4. Nh3 d5 5. d3 exd3 6. cxd3 Bxh3 7. Bf3 d4 8. Nb5
a6 9. Nxd4 Bc5 10. Nb3 b6 11. Bxa8 Bb4+ 12. Bd2 Bxd2+ 13. Qxd2 Nbd7 14. Bf3 O-O
15. gxh3 Qe7 16. O-O-O Ne5 17. Bg2 a5 18. Kb1 a4 19. Nd4 Qd6 20. Qc3 g6 21. Nb5
Qc5 22. Qxc5 bxc5 23. Nxc7 c4 24. d4 Ned7 25. Rc1 Nb6 26. Na6 h5 27. Rc3 Re8 28.
Ra3 Ra8 29. Bxa8 Nxa8 30. Rxa4 Nb6 31. Rb4 Nfd7 32. Nc5 Nd5 33. Rxc4 N7f6 34.
Nd3 g5 35. Ne5 Nb6 36. Rc7 Nbd5 37. Rxf7 1-0